Loading...
| Any History | 12 | 12.50 | 92% | 33% | 0% |
| Current Events | 6 | 20.00 | 100% | 100% | 0% |
| Fine Arts - Classical Music | 8 | 17.50 | 100% | 75% | 0% |
| Fine Arts - Other Fine Arts | 8 | 15.00 | 100% | 38% | 13% |
| Geography | 7 | 18.57 | 86% | 71% | 29% |
| History - American History | 6 | 18.33 | 100% | 83% | 0% |
| History - European History | 11 | 10.91 | 100% | 9% | 0% |
| History - World History | 10 | 13.00 | 100% | 30% | 0% |
| Literature - American Literature | 6 | 13.33 | 100% | 33% | 0% |
| Literature - British Literature | 7 | 17.14 | 100% | 57% | 14% |
| Literature - European Literature | 10 | 17.00 | 100% | 60% | 10% |
| Literature - World Literature | 6 | 20.00 | 100% | 67% | 33% |
| Mythology | 6 | 16.67 | 83% | 67% | 17% |
| Other Academic | 4 | 20.00 | 75% | 75% | 50% |
| Painting & Sculpture | 10 | 20.00 | 100% | 90% | 10% |
| Philosophy | 7 | 20.00 | 86% | 100% | 14% |
| Religion | 8 | 15.00 | 100% | 50% | 0% |
| Science - Biology | 5 | 8.00 | 80% | 0% | 0% |
| Science - Chemistry | 11 | 9.09 | 73% | 18% | 0% |
| Science - Other Science | 7 | 14.29 | 86% | 57% | 0% |
| Science - Physics | 8 | 13.75 | 100% | 25% | 13% |
| Social Science | 11 | 14.55 | 100% | 36% | 9% |